000 00696nam a2200181 i 4500
001 32152
003 ES-MaACL
005 20230906154524.0
007 t|
008 030226s1898 sp ||||1| spa d
100 1 _aCastellón y Pinto, Cayetano.
_936573
245 1 0 _aMemoria que en la solemne apertura del curso de 1898 a 1899 leyó en el Instituto Provincial de Jerez de la Frontera /
_cCayetano Castellón y Pinto.
260 _aJerez :
_b[s.n.],
_c1898 (
_fImpr. de "El Guadalete")
300 _a62 p. ;
_c23 cm.
610 2 4 _aInstituto Provincial (Jerez de la Frontera)-
_vMemorias.
_9157180
710 2 _aInstituto Provincial (Jerez de la Frontera)
_9157179
852 _aES-MaACL
_jT-933-F-4
999 _c32152
_d32152